| 000 | 00709nam a2200289Ia 4500 | ||
|---|---|---|---|
| 001 | Z_1170 | ||
| 003 | CHAP | ||
| 008 | 220113s1990 xx 000 0 und d | ||
| 010 | _a164255 | ||
| 040 | _cCHAP | ||
| 082 | _a636.085 B6 | ||
| 100 |
_aBod'a, Koloman _913341 |
||
| 245 |
_aNonconventional feedstuffs in the nutrition of farm animals / _cby Koloman Bod'a |
||
| 260 |
_aAmsterdan : _bElsevier, _c1990 |
||
| 300 |
_a258 p. : _bilus |
||
| 440 | _a | ||
| 500 | _a | ||
| 503 | _a156771 | ||
| 650 |
_aAlimentos y alimentación del ganado I. t. _9137350 |
||
| 650 | _aNutrición animal | ||
| 901 | _a636.085 B6 | ||
| 902 | _aA | ||
| 910 | _a1990 | ||
| 942 | _c1 | ||
| 942 | _cc1 | ||
| 999 |
_c164255 _d164255 |
||